| 000 | 01035nam a2200277 i 4500 | ||
|---|---|---|---|
| 003 | IT-RoINE | ||
| 005 | 20180329074100.0 | ||
| 008 | 931209s1993 it |||||r |||||||ita|d | ||
| 020 | _a8821526720 | ||
| 040 |
_cIT-RoINE _dIT-RoINE |
||
| 041 | 1 |
_aita _hfre |
|
| 240 | 1 | 0 |
_aMagnificat, neuf évêques d'Europe commentent le cantique de Marie. _lItaliano |
| 245 | 0 | 0 |
_aMagnificat : _bnove vescovi europei commentano il cantico di Maria / _cprefazione di André Frossard ; [traduzione di Armando Gonella] |
| 260 |
_aCinisello Balsamo : _bSan Paolo, _c1993. |
||
| 300 |
_a108 p. ; _c20 cm. |
||
| 336 |
_2rdacontent _atext |
||
| 337 |
_2rdamedia _aunmediated |
||
| 338 |
_2rdacarrier _avolume |
||
| 490 | 1 |
_aModello e presenza ; _v8 |
|
| 500 | _aTraducción de: Magnificat; neuf évêques d'Europe commentent le cantique de Marie | ||
| 630 | 4 |
_946652 _aMagnificat (Cántico) _xComentarios |
|
| 700 | 1 |
_942438 _aFrossard, André, _d1915-1995 |
|
| 700 | 1 |
_aGonella, Armando _946666 |
|
| 830 | 0 |
_aModello e presenza _946661 |
|
| 942 | _cMTS | ||
| 999 |
_c23576 _d23576 |
||